Top 3 Languages of U.S. States with Map - Statistics

General Stats
  • This quiz has been taken 2,640 times
  • The average score is 139 of 150
Answers on the Map
Answers color-coded by a green-red scale on the quiz's map according to % correct below.
 
Answer Stats
State # Language % Correct
Alabama 1 English
99%
Alaska 1 English
99%
Arizona 1 English
99%
Arkansas 1 English
99%
California 1 English
99%
Colorado 1 English
99%
Connecticut 1 English
99%
Delaware 1 English
99%
Florida 1 English
99%
Georgia 1 English
99%
Hawaii 1 English
99%
Idaho 1 English
99%
Illinois 1 English
99%
Indiana 1 English
99%
Iowa 1 English
99%
Kansas 1 English
99%
Kentucky 1 English
99%
Louisiana 1 English
99%
Maine 1 English
99%
Maryland 1 English
99%
Massachusetts 1 English
99%
Michigan 1 English
99%
Minnesota 1 English
99%
Mississippi 1 English
99%
Missouri 1 English
99%
Montana 1 English
99%
Nebraska 1 English
99%
Nevada 1 English
99%
New Hampshire 1 English
99%
New Jersey 1 English
99%
New Mexico 1 English
99%
New York 1 English
99%
North Carolina 1 English
99%
North Dakota 1 English
99%
Ohio 1 English
99%
Oklahoma 1 English
99%
Oregon 1 English
99%
Pennsylvania 1 English
99%
Rhode Island 1 English
99%
South Carolina 1 English
99%
South Dakota 1 English
99%
Tennessee 1 English
99%
Texas 1 English
99%
Utah 1 English
99%
Vermont 1 English
99%
Virginia 1 English
99%
Washington 1 English
99%
West Virginia 1 English
99%
Wisconsin 1 English
99%
Wyoming 1 English
99%
Alabama 2 Spanish
99%
Alaska 2 Spanish
99%
Arizona 2 Spanish
99%
Arkansas 2 Spanish
99%
California 2 Spanish
99%
Colorado 2 Spanish
99%
Connecticut 2 Spanish
99%
Delaware 2 Spanish
99%
Florida 2 Spanish
99%
Georgia 2 Spanish
99%
Idaho 2 Spanish
99%
Illinois 2 Spanish
99%
Indiana 2 Spanish
99%
Iowa 2 Spanish
99%
Kansas 2 Spanish
99%
Kentucky 2 Spanish
99%
Louisiana 2 Spanish
99%
Maine 3 Spanish
99%
Maryland 2 Spanish
99%
Massachusetts 2 Spanish
99%
Michigan 2 Spanish
99%
Minnesota 2 Spanish
99%
Mississippi 2 Spanish
99%
Missouri 2 Spanish
99%
Montana 2 Spanish
99%
Nebraska 2 Spanish
99%
Nevada 2 Spanish
99%
New Hampshire 2 Spanish
99%
New Jersey 2 Spanish
99%
New Mexico 2 Spanish
99%
New York 2 Spanish
99%
North Carolina 2 Spanish
99%
North Dakota 2 Spanish
99%
Ohio 2 Spanish
99%
Oklahoma 2 Spanish
99%
Oregon 2 Spanish
99%
Pennsylvania 2 Spanish
99%
Rhode Island 2 Spanish
99%
South Carolina 2 Spanish
99%
South Dakota 2 Spanish
99%
Tennessee 2 Spanish
99%
Texas 2 Spanish
99%
Utah 2 Spanish
99%
Vermont 3 Spanish
99%
Virginia 2 Spanish
99%
Washington 2 Spanish
99%
West Virginia 2 Spanish
99%
Wisconsin 2 Spanish
99%
Wyoming 2 Spanish
99%
Louisiana 3 French
98%
Maine 2 French
98%
New Hampshire 3 French
98%
Vermont 2 French
98%
West Virginia 3 French
98%
Florida 3 French Creole
98%
Alabama 3 German
95%
Arkansas 3 German
95%
Colorado 3 German
95%
Idaho 3 German
95%
Indiana 3 German
95%
Iowa 3 German
95%
Kansas 3 German
95%
Kentucky 3 German
95%
Missouri 3 German
95%
Montana 3 German
95%
North Dakota 3 German
95%
Ohio 3 German
95%
South Carolina 3 German
95%
Wyoming 3 German
95%
California 3 Chinese
93%
Delaware 3 Chinese
93%
Maryland 3 Chinese
93%
New Jersey 3 Chinese
93%
New York 3 Chinese
93%
North Carolina 3 Chinese
93%
Oregon 3 Chinese
93%
Pennsylvania 3 Chinese
93%
Utah 3 Chinese
93%
Washington 3 Chinese
93%
Massachusetts 3 Portuguese
84%
Rhode Island 3 Portuguese
84%
Michigan 3 Arabic
77%
Tennessee 3 Arabic
77%
Georgia 3 Korean
70%
Virginia 3 Korean
70%
Hawaii 2 Tagalog
64%
Nevada 3 Tagalog
64%
Mississippi 3 Vietnamese
63%
Nebraska 3 Vietnamese
63%
Oklahoma 3 Vietnamese
63%
Texas 3 Vietnamese
63%
Connecticut 3 Polish
62%
Illinois 3 Polish
62%
Arizona 3 Navajo
56%
New Mexico 3 Navajo
56%
Alaska 3 Yupik
42%
South Dakota 3 Dakota
35%
Minnesota 3 Hmong
20%
Wisconsin 3 Hmong
20%
Hawaii 3 Ilocano
6%
No matching quizzes found
Score Distribution
Percent of People with Each Score
Percentile by Number Answered
Your Score History
You have not taken this quiz